000 00712nam a2200193 a 4500
001 000020227
005 20200929170324.0
008 100728d2006 dr c 000 0 spa d
020 _a9591011709
040 _aDO-SdBNP
_bspa
_cBNPHU
082 _axxx
_bB516e
100 1 _aBermúdez, Jorge R.
_939113
245 1 0 _aErnesto Che Guevara :
_bAntología visual en la plástica y la gráfica /
_cJorge R. Bermúdez ; edición y corrección Iraida Sánchez Oliva.
260 _aLa Habana :
_bLetras Cubanas,
_c2006.
300 _a189 p. :
_bretrs. ;
_c28 cm.
500 _aIncluye datos biográficos del autor en la solapa de la contracubierta
700 1 _aSánchez Oliva, Iraida
_eed. ; corr.
_942833
049 _aBNPD
999 _c19732
_d19732